007430000a220013300045001000028000002450060000283000034000885200334001226500017004567730021004739420008004949520090005029990017005921 aSouza de Matos, Alderi.10aUm vaso de barro: a dimensâo humana de Joâo Calvino aVol.14, no.2 (2009), p. 47-64 aEste articulo aborda una cuestion controvertida con respeto al reformador de Ginebra - su personalidad. Desde el siglo 16 son muchos los escritores que han hecho un juicio exesivamente negativo de Calvino, generalmente motivados por preconceptos ideológicos, y no por un análisis sereno y objetivo de evidencias históricas.14aPERSONALIDAD0 tFfides Reformata cANA 001040708HEMaFUSBCbFUSBCd2016-01-26l0o r2016-01-26 00:00:00w2016-01-26yANA c63398d63398